99 nguyên tắc giản đơn quyết định trong cuộc sống

Sách gồm 8 chương giới thiệu những định lý, định luật và các nguyên tắc của những nhà doanh nhân và kinh tế học nổi tiếng trên thế giới về những bí quyết để thành công trong kinh doanh.

保存先:
書誌詳細
フォーマット: 図書
言語:Undetermined
出版事項: Hà Nội Thanh niên 2008
主題:
タグ: タグ追加
タグなし, このレコードへの初めてのタグを付けませんか!
Thư viện lưu trữ: Trung tâm Học liệu Trường Đại học Cần Thơ
LEADER 00893nam a2200193Ia 4500
001 CTU_134324
008 210402s9999 xx 000 0 und d
020 |c 68000 
082 |a 650.1 
082 |b Ch311 
245 0 |a 99 nguyên tắc giản đơn quyết định trong cuộc sống 
245 0 |c Nguyễn Đức Lân biên soạn 
260 |a Hà Nội 
260 |b Thanh niên 
260 |c 2008 
520 |a Sách gồm 8 chương giới thiệu những định lý, định luật và các nguyên tắc của những nhà doanh nhân và kinh tế học nổi tiếng trên thế giới về những bí quyết để thành công trong kinh doanh. 
650 |a Conduct of life,Success in business,Nghệ thuật sống 
904 |i Trọng Hải 
980 |a Trung tâm Học liệu Trường Đại học Cần Thơ